| 000 | 00506nam a2200169 i 4500 | ||
|---|---|---|---|
| 001 | 60197 | ||
| 003 | ES-MaACL | ||
| 005 | 20230906164156.0 | ||
| 007 | t| | ||
| 008 | 031103s1918 fr ||||1| fre d | ||
| 100 | 1 |
_aErrera, Paul. _947432 |
|
| 245 | 1 | 0 |
_aTraite de Droit Public belge _b: Droit Constitutionnel, Droit Administratif / _cPaul Errera. |
| 250 | _a10ene ed. | ||
| 260 |
_a[S.l. : _bs.n., _c1918] ( _eSaint Amand : _fBussière) |
||
| 300 |
_aVIII, 848 p. ; _c23 cm. |
||
| 852 |
_aES-MaACL _jF-4237 |
||
| 999 |
_c60197 _d60197 |
||